[Event "Verbandsliga Nord Baden 0405"]
[Site "Germany"]
[Date "2005.04.17"]
[Round "9.1"]
[White "Kindsvogel, Robert"]
[Black "Schell, Peter"]
[Result "1-0"]
[WhiteElo "2299"]
[BlackElo "2108"]
[PlyCount "74"]
[EventDate "2004.10.10"]
[EventType "team"]
[EventRounds "9"]
[EventCountry "GER"]
[SourceTitle "EXT 2007"]
[Source "ChessBase"]
[SourceDate "2006.11.23"]
[SourceVersion "1"]
[SourceVersionDate "2006.11.23"]
[SourceQuality "1"]
[WhiteTeam "Heidelberg II"]
[BlackTeam "Walldorf"]
[WhiteTeamCountry "GER"]
[BlackTeamCountry "GER"]

1. Nf3 d5 2. d4 Bg4 3. c4 Bxf3 4. gxf3 c6 5. e4 e6 6. Nc3 dxc4 7. Bxc4 Nd7 8. Be3 Nb6 9. Bb3 Bb4 10. a3 Bxc3+ 11. bxc3 Ne7 12. Qd2 Qd7 13. a4 0-0-0 14. c4 Na8 15. Qa5 a6 16. Qc3 Nc7 17. 0-0-0 Kb8 18. Kb2 f6 19. Ka2 Nc8 20. Rd2 c5 21. d5 Qd6 22. Rg1 Rhg8 23. f4 e5 24. fxe5 fxe5 25. a5 Ka8 26. Ba4 Ne8 27. Qa3 Nf6 28. f3 Qe7 29. Qxc5 Qxc5 30. Bxc5 Nd7 31. Bb4 b5 32. cxb5 axb5 33. Bxb5 Nb8 34. Rc1 Na7 35. Be2 Kb7 36. Rdc2 Rc8 37. Bd6 Nd7 1-0